| 000 | 00855nam a2200301 a 4500 | ||
|---|---|---|---|
| 008 | |||
| 020 | _a0073376418 (pbk.) | ||
| 049 | _aMAIN | ||
| 090 |
_aRA781 _bROB |
||
| 100 | 1 | _aRobbins, Gwen. | |
| 245 | 1 | 0 |
_aA fit & well way of life / _cGwen Robbins, Debbie Powers [and] Sharon Burgess. |
| 260 |
_aNew York : _bMcGraw-Hill, _cc2009. |
||
| 300 | _a2nd ed. | ||
| 300 |
_axix, 423 [33] p. : _bcol. ill. ; _c28 cm. |
||
| 504 | _aIncludes bibliographical references. | ||
| 500 | _aIncludes index. | ||
| 650 | _aExercise. | ||
| 650 | _aPhysical fitness. | ||
| 650 | _aWell-being. | ||
| 650 | 1 | _aHealth. | |
| 700 | _aBurgess, Sharon. | ||
| 700 | _aPowers, Debbie. | ||
| 907 |
_a.b10287425 _b25-07-12 _c17-11-10 |
||
| 003 | |||
| 005 | 20230120204035.0 | ||
| 040 | _cNUST | ||
| 942 |
_cBOOKS _kRA781 _mROB |
||
| 999 |
_c116036 _d116036 |
||